| 000 | 00464nam a2200181Ia 4500 | ||
|---|---|---|---|
| 005 | 20250923144349.0 | ||
| 008 | 008 250917s9999 xx 000 0 eng d | ||
| 037 | _aTextual | ||
| 040 |
_aDSWL _beng _cDSWL |
||
| 041 |
_aeng _2eng |
||
| 084 | _qDSWL | ||
| 100 |
_aHobhouse, L.T _9824114 |
||
| 245 | 0 |
_aElements of social justice _cby L.T Hobhouse |
|
| 260 |
_aLondon _c1949 |
||
| 300 | _a206 p. | ||
| 942 | _cTEXL | ||
| 999 |
_c1437925 _d1437925 |
||